Top 100 NBA Players 2022 - Statistics

General Stats
  • This quiz has been taken 240 times
    56 since last reset
  • The average score is 60 of 100
Answer Stats
Team Answer % Correct
Bucks Antetokounmpo
93%
Nets | Warriors Curry
93%
76ers Harden
93%
Mavs Doncic
90%
Nets Durant
90%
76ers Embiid
90%
Suns Booker
88%
Celtics Brown
88%
Nuggets Jokic
88%
Celtics Tatum
88%
Suns Paul
85%
Heat Butler
83%
Bulls Derozan
83%
Clippers George
83%
Nets Irving
83%
Bulls Lavine
83%
Grizzlies Morant
83%
Bulls Williams
83%
Hawks Young
83%
Wizards Beal
80%
Timberwolves Edwards
80%
Clippers Leonard
80%
Warriors Thompson
80%
Timberwolves Towns
80%
Lakers Davis
78%
Lakers James
78%
Cavs Mitchell
78%
Rockets | Warriors Green
76%
Pelicans Williamson
76%
Heat Adebayo
73%
Thunder Gilgeous-Alexander
73%
Bucks Holiday
73%
Trail Blazers Lillard
73%
Heat Herro
71%
76ers Maxey
71%
Bucks Middleton
71%
Nuggets | Spurs Murray
71%
Bulls | Hornets Ball
68%
Bulls Dosunmu
68%
Kings Fox
68%
Pelicans Ingram
68%
Kings Sabonis
68%
Warriors Wiggins
68%
Cavs Allen
66%
Cavs Garland
66%
76ers Harris
66%
Timberwolves Gobert
63%
Warriors Poole
63%
Timberwolves Russell
63%
Bulls Vucevic
61%
Lakers Westbrook
61%
Suns Ayton
59%
Knicks Randle
59%
Nets Simmons
59%
Heat Lowry
56%
Raptors Barnes
54%
Pistons Cunningham
54%
Pacers Haliburton
54%
Clippers Jackson
54%
Grizzlies Jackson Jr
54%
Pelicans McCollum
54%
Cavs Mobley
54%
Raptors Siakam
54%
Raptors VanVleet
54%
Hornets | Suns Bridges
49%
Celtics Horford
49%
Knicks Robinson
49%
Grizzlies Adams
46%
Bulls Caruso
46%
Celtics Smart
46%
Hawks Capela
44%
Hawks Collins
44%
Trail Blazers Nurkic
44%
Pelicans Valanciunas
44%
Jazz Clarkson
41%
Cavs Markkanen
41%
Mavs Dinwiddie
39%
Thunder Giddy
39%
Pistons Grant
37%
Pacers Hield
34%
76ers Tucker
34%
Bulls White
34%
Magic Anthony
32%
Jazz Markkanen
29%
Knicks Rose
29%
Jazz Sexton
27%
Bulls Drummond
24%
Magic Carter Jr
22%
76ers Thyulle
22%
Mavs Walker
22%
Trail Blazers Simons
20%
Cavs LeVert
17%
76ers Harrell
12%
Warriors DiVincenzo
10%
Pelicans Hayes
7%
No matching quizzes found
Score Distribution
Percent of People with Each Score
Percentile by Number Answered
Your Score History
You have not taken this quiz since the last reset